| 000 | 00862nam a22002297a 4500 | ||
|---|---|---|---|
| 999 |
_c10075 _d10075 |
||
| 003 | AR-CdUCM | ||
| 008 | 190329b ||||| |||| 00| 0 spa d | ||
| 040 |
_aMUNICIPALIDAD PROVINCIAL DEL CUSCO _cBIBLIOTECA MUNICIPAL DEL CUSCO |
||
| 082 |
_a170 / _bH66 / 1907 |
||
| 100 |
_aHoffding, Harald _925404 |
||
| 245 |
_aLa moral : _bEnsayo sobre los principios teóricos y su aplicación a las circunstancias particulares de la vida / |
||
| 260 |
_aBarcelona : _bImpr. de Henrich y Comp.a en C., _c1907 |
||
| 300 |
_a199 páginas ; _c15 cm. |
||
| 440 |
_aBiblioteca Sociológica internacional. _926726 |
||
| 505 | _aContenido: t.4. Cultura religiosa y filantrópica -- El Estado. | ||
| 650 |
_aÉtica _91337 |
||
| 650 |
_aMoral cristiana _925405 |
||
| 650 |
_aReligiosa _9116 |
||
| 700 |
_aUmbert, Pedro (traductor) _925406 |
||
| 942 |
_2ddc _cLIBROS |
||
| 945 | _aachl | ||